Wrong U.S. City - Multiple Choice - Statistics

General Stats
  • This quiz has been taken 25 times
  • The average score is 9 of 15
Answer Stats
Question Answer % Correct
Which of these cities was founded by the French? San Francisco
87%
Which of these cities is located in the Eastern U.S.? Seattle
87%
Which of these cities is located in Texas? San Diego
83%
Which of these cities is a State Capital? Baltimore
78%
Which of these cities is the most populous of its State (within city limits)? Miami
78%
Which of these cities has a population of at least 1 Million (within city limits)? Detroit
74%
Which of these cities was the site of a historically significant battle? Orlando
74%
Which of these cities is at least 70% African-American? Atlanta
52%
Which of these cities lies on a State border? Raleigh
52%
Which of these cities has a metro system? San Antonio
52%
Which of these cities has a coastline? Portland (OR)
43%
Which of these cities is named after a river? Minneapolis
39%
Which of these cities did not exist before 1900? Arlington
35%
Which of these cities is home to a U.S. State University? Montgomery
30%
Which of these cities was the birthplace of at least one U.S. President? Philadelphia
17%
No matching quizzes found
Score Distribution
Percent of People with Each Score
Percentile by Number Answered
Your Score History
You have not taken this quiz